00470nam a2200181 a 4500001001300000003000900013005001700022008004100039020001000080082001600090100001700106245004100123260003200164300000900196500003500205650003100240700001700271nice12345678IN_TiNIC20260116011915.0070625s1957 mysa grp 000 0 eng  ac10000a227.87bELL aElliott, A B aHebrewsbIntroduction and Commentary aMysore bNo Publisherc1957 a142p aincludes index and biblioraphy aBible N.T. Epistles Hebrew1 aElliott, A B